Further notes on the natural history and artificial propagation of the diamond-back terrapin. (Record no. 23259)

MARC details
000 -LEADER
fixed length control field 01000cam a22002651 4500
001 - CONTROL NUMBER
control field f 22000009
003 - CONTROL NUMBER IDENTIFIER
control field DLC
005 - DATE AND TIME OF LATEST TRANSACTION
control field 20260227111248.0
007 - PHYSICAL DESCRIPTION FIXED FIELD--GENERAL INFORMATION
fixed length control field cr_|||||||||||
008 - FIXED-LENGTH DATA ELEMENTS--GENERAL INFORMATION
fixed length control field 940914s1922 dcua 000 0 eng c
010 ## - LIBRARY OF CONGRESS CONTROL NUMBER
LC control number f 22000009
035 ## - SYSTEM CONTROL NUMBER
System control number (OCoLC)31099441
040 ## - CATALOGING SOURCE
Original cataloging agency Library, U. S. Bur. of Fisheries
Transcribing agency NcD
Modifying agency DLC
042 ## - AUTHENTICATION CODE
Authentication code premarc
050 00 - LIBRARY OF CONGRESS CALL NUMBER
Classification number SH191.T5
Item number B3
100 1# - MAIN ENTRY--PERSONAL NAME
Personal name Barney, Raymond Livingston,
Dates associated with a name 1891-
245 10 - TITLE STATEMENT
Title Further notes on the natural history and artificial propagation of the diamond-back terrapin.
Statement of responsibility, etc. By R. L. Barney ...
260 ## - PUBLICATION, DISTRIBUTION, ETC.
Place of publication, distribution, etc. Washington,
Name of publisher, distributor, etc. Govt. print. off.,
Date of publication, distribution, etc. 1922.
300 ## - PHYSICAL DESCRIPTION
Extent 1 p. l., p. 91-111
Other physical details incl. tables, graphs.
Dimensions 28 cm.
490 0# - SERIES STATEMENT
Series statement [U. S. Bureau of fisheries]
Volume/sequential designation Doc. 917
500 ## - GENERAL NOTE
General note From Bulletin of the Bureau of fisheries, vol. xxxviii, 1921-1922.
530 ## - ADDITIONAL PHYSICAL FORM AVAILABLE NOTE
Additional physical form available note Also available in digital form on the Internet Archive Web site.
650 #0 - SUBJECT ADDED ENTRY--TOPICAL TERM
Topical term or geographic name entry element Diamondback terrapin.
856 41 - ELECTRONIC LOCATION AND ACCESS
Uniform Resource Identifier <a href="http://hdl.loc.gov/loc.gdc/scd0001.00028713630">http://hdl.loc.gov/loc.gdc/scd0001.00028713630</a>

No items available.

Powered by Koha